| 000 | 00462nam a2200157Ia 4500 | ||
|---|---|---|---|
| 008 | 210210b1998 xxu||||| |||| 00| 0 eng d | ||
| 020 | _a81 7371 279 4 | ||
| 082 | _a616.95 WORC | ||
| 100 | _aWORLD HEALTH ORGANIZATION. | ||
| 245 | _aClinical management of HIV and AIDS at district level. | ||
| 260 |
_aHyderabad _bUniversities Press _c1998 |
||
| 300 | _avi,1-14-13 | ||
| 650 | _aAIDS clinical management HIV & AIDS | ||
| 690 | _aDiseases | ||
| 906 | _aSG03738 | ||
| 999 |
_c114493 _d114493 |
||